Organizations : (Record no. 1419)

000 -LEADER
fixed length control field nam a22 7a 4500
005 - DATE AND TIME OF LATEST TRANSACTION
control field 20170509143853.0
008 - FIXED-LENGTH DATA ELEMENTS--GENERAL INFORMATION
fixed length control field 170509b1982 enk||||| |||| 00| 0 eng d
020 ## - INTERNATIONAL STANDARD BOOK NUMBER
International Standard Book Number 0136419933
040 ## - CATALOGING SOURCE
Original cataloging agency AKMAL
082 ## - DEWEY DECIMAL CLASSIFICATION NUMBER
Classification number 302.35 HAL
090 ## - LOCALLY ASSIGNED LC-TYPE CALL NUMBER (OCLC); LOCAL CALL NUMBER (RLIN)
Classification number (OCLC) (R) ; Classification number, CALL (RLIN) (NR) 302.35
Local cutter number (OCLC) ; Book number/undivided call number, CALL (RLIN) HAL
100 1# - MAIN ENTRY--PERSONAL NAME
Personal name Hall, Richard H.
9 (RLIN) 2793
245 10 - TITLE STATEMENT
Title Organizations :
Remainder of title structure and process /
Statement of responsibility, etc. Richard H. Hall
250 ## - EDITION STATEMENT
Edition statement 3rd ed.
260 ## - PUBLICATION, DISTRIBUTION, ETC.
Place of publication, distribution, etc. Englewood Cliffs ;
-- London :
Name of publisher, distributor, etc. Prentice-Hall,
Date of publication, distribution, etc. c1982
300 ## - PHYSICAL DESCRIPTION
Extent xii,356p. :
Other physical details ill. ;
Dimensions 24cm
490 0# - SERIES STATEMENT
Series statement Prentice-Hall series in sociology
500 ## - GENERAL NOTE
General note Previous ed.: 1977.
500 ## - GENERAL NOTE
General note Bibliography: p327-349. _ Includes index.
599 ## - LOCAL NOTE
Local Note DALAM PROSES
650 #0 - SUBJECT ADDED ENTRY--TOPICAL TERM
Topical term or geographic name entry element Organizational sociology.
9 (RLIN) 2794
650 #0 - SUBJECT ADDED ENTRY--TOPICAL TERM
Topical term or geographic name entry element Organizational change
9 (RLIN) 567
942 ## - ADDED ENTRY ELEMENTS (KOHA)
Source of classification or shelving scheme
Koha item type Book
Holdings
Withdrawn status Lost status Source of classification or shelving scheme Damaged status Not for loan Collection code Home library Current library Shelving location Date acquired Inventory number Total Checkouts Full call number Barcode Date last seen Price effective from Koha item type
          NON-FICTION AKMAL Melaka AKMAL Melaka PINJAMAN 09.05.2017 300306   302.35 HAL 201702696 09.05.2017 09.05.2017 Book
Pusat Sumber Maklumat Dato' Haji Sarmin Md Hussin, Akademi Kastam Diraja Malaysia, Melaka
Tel: 06-2331106 | Faks: 06-2313787